[Event "CRO-chT (Women) 29th"]
[Site "Mali Losinj"]
[Date "2021.10.01"]
[Round "7.3"]
[White "Roklicer, Heike"]
[Black "Raguz, Ivanka"]
[Result "1-0"]
[WhiteElo "2007"]
[BlackElo "1648"]
[PlyCount "85"]
[EventDate "2021.09.25"]
[EventType "team-tourn"]
[EventRounds "9"]
[EventCountry "CRO"]
[SourceTitle "CBM 204 Extra"]
[Source "ChessBase"]
[SourceDate "2021.11.30"]
[SourceVersion "1"]
[SourceVersionDate "2021.11.30"]
[SourceQuality "1"]
[WhiteTeam "Busevec Polet (W)"]
[BlackTeam "Djakovo Dama (W)"]
[WhiteTeamCountry "CRO"]
[BlackTeamCountry "CRO"]

1. d4 Nf6 2. c4 b6 3. Nc3 Bb7 4. f3 d6 5. e4 Nbd7 6. Be3 e5 7. d5 a5 8. Nge2 Be7 9. Ng3 0-0 10. Nf5 Re8 11. g4 Nf8 12. Qd2 Bc8 13. Bd3 N6d7 14. 0-0-0 Nc5 15. Bc2 Ng6 16. Rdg1 Kh8 17. Rg3 Bf8 18. h4 Ne7 19. h5 Ng8 20. Qh2 Bxf5 21. exf5 f6 22. g5 Re7 23. Qg2 Qe8 24. h6 fxg5 25. Bxg5 Rf7 26. hxg7+ Bxg7 27. f6 Bxf6 28. Bg6 Bxg5+ 29. Rxg5 Qe7 30. Rgh5 Nf6 31. Bxf7 Qxf7 32. Rf5 Rg8 33. Qh2 Rg6 34. Ne4 Ncxe4 35. fxe4 Qg7 36. Rhf1 h5 37. Qh4 Qh6+ 38. Kb1 Kg7 39. a3 a4 40. Ka1 Kf7 41. Rxh5 Qf8 42. Rh7+ Ke8 43. Rh8 1-0

[Event "Osijek-Baranja CupT 11th"]
[Site "Nasice"]
[Date "2018.02.18"]
[Round "4.5"]
[White "Raguz, Ivanka"]
[Black "Sos, Fran"]
[Result "0-1"]
[WhiteElo "1795"]
[BlackElo "1983"]
[PlyCount "98"]
[EventDate "2018.02.16"]
[EventType "team-swiss"]
[EventRounds "5"]
[EventCountry "CRO"]
[SourceTitle "EXT 2023"]
[Source "ChessBase"]
[SourceDate "2022.10.05"]
[SourceVersion "1"]
[SourceVersionDate "2022.10.05"]
[SourceQuality "1"]
[WhiteTeam "Djakovo Dama"]
[BlackTeam "Donji Miholjac"]
[WhiteTeamCountry "CRO"]
[BlackTeamCountry "CRO"]

1. d4 Nf6 2. c4 c5 3. d5 b5 4. cxb5 a6 5. bxa6 Bxa6 6. Nc3 d6 7. e4 Bxf1 8. Kxf1 g6 9. Nge2 Bg7 10. g3 Nbd7 11. Kg2 Qa5 12. h4 Qa6 13. Nf4 h5 14. Re1 0-0 15. a4 Ng4 16. Nd3 Qc4 17. Nb5 Nge5 18. Nxe5 Nxe5 19. Re3 Ng4 20. Re2 Rfb8 21. b3 Qxe2 22. Qxe2 Bxa1 23. f3 Nf6 24. g4 Rd8 25. Bg5 Rd7 26. gxh5 Nxh5 27. f4 f6 28. Qg4 Rad8 29. Bh6 Kh7 30. Bf8 Nxf4+ 31. Qxf4 Rxf8 32. h5 Rg8 33. Kf3 Rdd8 34. hxg6+ Rxg6 35. Nc7 Rb8 36. Nb5 Rg5 37. Qh2+ Kg7 38. Qh3 Rh8 39. Qd7 Be5 40. Qxe7+ Kg6 41. Nxd6 Rg3+ 42. Kf2 Rh2+ 43. Kf1 Rxb3 44. Qf7+ Kg5 45. Qg7+ Kf4 46. Kg1 Rg3+ 47. Qxg3+ Kxg3 48. Nf5+ Kf3 49. d6 Rd2 0-1

[Event "CRO-chT (Women) 26th"]
[Site "Mali Losinj"]
[Date "2017.09.28"]
[Round "1.34"]
[White "Golub, Nikolina"]
[Black "Raguz, Ivanka"]
[Result "1-0"]
[WhiteElo "1899"]
[BlackElo "1812"]
[PlyCount "73"]
[EventDate "2017.09.28"]
[EventType "team-tourn"]
[EventRounds "9"]
[EventCountry "CRO"]
[SourceTitle "EXT 2018"]
[Source "ChessBase"]
[SourceDate "2017.10.13"]
[SourceVersion "1"]
[SourceVersionDate "2017.10.13"]
[SourceQuality "1"]
[WhiteTeam "Rijeka Draga (W)"]
[BlackTeam "Djakovo Dama (W)"]
[WhiteTeamCountry "CRO"]
[BlackTeamCountry "CRO"]

1. d4 Nf6 2. c4 e6 3. g3 c5 4. d5 exd5 5. cxd5 d6 6. Nc3 g6 7. Bg2 a6 8. e4 Bg7 9. Nf3 0-0 10. 0-0 Re8 11. Re1 Nbd7 12. Bf4 Ne5 13. Nxe5 dxe5 14. Be3 Bf8 15. Na4 b6 16. Qb3 Bd7 17. f4 Bxa4 18. Qxa4 b5 19. Qc2 Rc8 20. Bh3 exf4 21. Bxf4 Ra8 22. Rad1 Nh5 23. Qc1 c4 24. e5 Bc5+ 25. Kh1 Qb6 26. d6 Nxf4 27. Qxf4 Rad8 28. Rf1 Be3 29. Qxf7+ Kh8 30. Qf6+ Kg8 31. Be6+ Rxe6 32. Qxe6+ Kh8 33. Rf7 Bg5 34. h4 Qe3 35. hxg5 Qe4+ 36. Kg1 Qe3+ 37. Kf1 1-0

[Event "CRO-ch (Women)"]
[Site "Malinska"]
[Date "2017.05.14"]
[Round "9"]
[White "Bogdanic, Katarina"]
[Black "Raguz, Ivanka"]
[Result "1-0"]
[WhiteElo "1951"]
[BlackElo "1842"]
[PlyCount "97"]
[EventDate "2017.05.08"]
[EventType "tourn"]
[EventRounds "9"]
[EventCountry "CRO"]
[SourceTitle "CBM 178 Extra"]
[Source "ChessBase"]
[SourceDate "2017.06.22"]
[SourceVersion "1"]
[SourceVersionDate "2017.06.22"]
[SourceQuality "1"]

1. c4 e5 2. g3 g6 3. Bg2 Bg7 4. Nc3 Nf6 5. Nf3 d6 6. d3 0-0 7. 0-0 Nc6 8. Rb1 a5 9. a3 Qe7 10. Bg5 Qe8 11. Qd2 Be6 12. b3 Nh5 13. Bh6 f5 14. Bxg7 Kxg7 15. Nb5 Qe7 16. Qc3 Kg8 17. d4 Bf7 18. dxe5 dxe5 19. Rbd1 e4 20. Ne1 f4 21. Nc2 Be8 22. Nbd4 fxg3 23. fxg3 Rxf1+ 24. Rxf1 Qe5 25. Nb5 Qe7 26. Qe3 Ne5 27. Nc3 a4 28. Nd5 Qd6 29. Bxe4 axb3 30. Qxb3 Bc6 31. Kg2 Re8 32. Rd1 Nf7 33. Bf3 Nf6 34. Ncb4 Ne4 35. Bxe4 Rxe4 36. Qf3 Qe6 37. Kf1 Rxc4 38. Nxc6 Rxc6 39. Nf4 Qc4 40. Qe3 Qa6 41. Kg2 Rf6 42. h4 Qc6+ 43. Kh2 Qa6 44. Rd7 Qc4 45. Nd5 Rf1 46. Kg2 Re1 47. Qe8+ Kg7 48. Qxf7+ Kh6 49. Qxh7# 1-0

[Event "CRO-ch (Women)"]
[Site "Malinska"]
[Date "2017.05.10"]
[Round "4"]
[White "Berke, Ana"]
[Black "Raguz, Ivanka"]
[Result "1-0"]
[WhiteElo "2141"]
[BlackElo "1842"]
[PlyCount "89"]
[EventDate "2017.05.08"]
[EventType "tourn"]
[EventRounds "9"]
[EventCountry "CRO"]
[SourceTitle "CBM 178 Extra"]
[Source "ChessBase"]
[SourceDate "2017.06.22"]
[SourceVersion "1"]
[SourceVersionDate "2017.06.22"]
[SourceQuality "1"]

1. e4 e5 2. Nf3 Nc6 3. Bb5 a6 4. Ba4 Nf6 5. d3 Bc5 6. 0-0 d6 7. c3 b5 8. Bb3 0-0 9. Qe2 Bb6 10. Be3 Bg4 11. h3 Bh5 12. g4 Bg6 13. Nh4 Bxe3 14. fxe3 a5 15. a3 Rb8 16. Nf5 d5 17. Nd2 b4 18. axb4 axb4 19. Ra6 Rb6 20. Rxb6 cxb6 21. h4 dxe4 22. d4 bxc3 23. bxc3 exd4 24. cxd4 Bxf5 25. gxf5 Qd6 26. Qg2 Na5 27. Bc2 Qa3 28. Qe2 Re8 29. Kh1 b5 30. Rg1 h5 31. Qg2 Ng4 32. Bd1 Qxe3 33. Bxg4 hxg4 34. Qxg4 Qxd4 35. h5 Qf6 36. Nxe4 Qh6 37. f6 g6 38. Nd6 Rd8 39. Nf5 Qd2 40. hxg6 Qd5+ 41. Kh2 Qe5+ 42. Rg3 Rd2+ 43. Kh3 Qxf6 44. gxf7+ Kxf7 45. Qg8# 1-0

[Event "CRO-ch (Women)"]
[Site "Malinska"]
[Date "2017.05.09"]
[Round "2"]
[White "Spiranec, Noemi"]
[Black "Raguz, Ivanka"]
[Result "1/2-1/2"]
[WhiteElo "2037"]
[BlackElo "1842"]
[PlyCount "116"]
[EventDate "2017.05.08"]
[EventType "tourn"]
[EventRounds "9"]
[EventCountry "CRO"]
[SourceTitle "CBM 178 Extra"]
[Source "ChessBase"]
[SourceDate "2017.06.22"]
[SourceVersion "1"]
[SourceVersionDate "2017.06.22"]
[SourceQuality "1"]

1. e4 e5 2. Nf3 Nc6 3. Bb5 a6 4. Ba4 Nf6 5. 0-0 Be7 6. Re1 b5 7. Bb3 d6 8. c3 0-0 9. h3 Nb8 10. d4 Nbd7 11. Nbd2 c5 12. Bc2 Qc7 13. d5 c4 14. Nf1 Nc5 15. b4 cxb3 16. axb3 Bd7 17. Bd2 Rfc8 18. g4 Ne8 19. Ng3 g6 20. Kg2 Ng7 21. Nh2 Nb7 22. Qe2 a5 23. Ra2 a4 24. Rea1 Nc5 25. b4 Nb7 26. Bd3 Qb6 27. Be3 Qa6 28. Bd2 Qb6 29. Nhf1 Nd8 30. Ne3 Qb7 31. c4 bxc4 32. Nxc4 Bb5 33. Nxe5 Bxd3 34. Nxd3 Bf6 35. Rb1 Qd7 36. f4 Bh4 37. Qf3 f6 38. Ne2 Nf7 39. Nd4 h5 40. Nc6 Re8 41. Rba1 f5 42. gxf5 gxf5 43. e5 dxe5 44. fxe5 Ng5 45. Bxg5 Bxg5 46. Rxa4 Rxa4 47. Rxa4 f4 48. Nc5 Qf5 49. Qe4 f3+ 50. Qxf3 Qg6 51. Qe4 Nf5 52. Kh2 Be3 53. Qg2 Bf4+ 54. Kg1 Be3+ 55. Kh2 Bf4+ 56. Kg1 Be3+ 57. Kh2 Bf4+ 58. Kg1 Be3+ 1/2-1/2

[Event "Valpovo op (Women) 19th"]
[Site "Valpovo"]
[Date "2016.12.09"]
[Round "1"]
[White "Basrak, Tea"]
[Black "Raguz, Ivanka"]
[Result "0-1"]
[WhiteElo "1443"]
[BlackElo "1842"]
[PlyCount "84"]
[EventDate "2016.12.09"]
[EventType "swiss (rapid)"]
[EventRounds "7"]
[EventCountry "CRO"]
[SourceTitle "EXT 2019"]
[Source "ChessBase"]
[SourceDate "2018.10.10"]
[SourceVersion "1"]
[SourceVersionDate "2018.10.10"]
[SourceQuality "1"]

1. e4 e5 2. f4 exf4 3. Nf3 d5 4. Bb5+ c6 5. Bd3 Bg4 6. 0-0 Nd7 7. exd5 Qb6+ 8. Kh1 cxd5 9. Qe1+ Be7 10. Nc3 Ngf6 11. Bb5 d4 12. Bxd7+ Bxd7 13. Ne2 d3 14. cxd3 Qd6 15. d4 h6 16. Ne5 g5 17. Nxd7 Qxd7 18. d3 Kf8 19. b3 Nd5 20. Qf2 Bd6 21. Bd2 Re8 22. Rfe1 Kg7 23. Rac1 Qf5 24. Nc3 Nb4 25. Rxe8 Nxd3 26. Qe2 Nxc1 27. Bxc1 f3 28. gxf3 Rxe8 29. Qxe8 Qxf3+ 30. Kg1 Qxc3 31. Qe3 Qc2 32. Qd2 Qe4 33. Qe3 Qg4+ 34. Kh1 Bf4 35. Qe1 Qf3+ 36. Kg1 Qg4+ 37. Kh1 Bxc1 38. Qxc1 Qxd4 39. a3 Kg6 40. Qc2+ f5 41. a4 Qe4+ 42. Qxe4 fxe4 0-1

[Event "Valpovo op (Women) 19th"]
[Site "Valpovo"]
[Date "2016.12.09"]
[Round "2"]
[White "Raguz, Ivanka"]
[Black "Medic, Mirjana"]
[Result "0-1"]
[WhiteElo "1842"]
[BlackElo "2147"]
[PlyCount "100"]
[EventDate "2016.12.09"]
[EventType "swiss (rapid)"]
[EventRounds "7"]
[EventCountry "CRO"]
[SourceTitle "EXT 2019"]
[Source "ChessBase"]
[SourceDate "2018.10.10"]
[SourceVersion "1"]
[SourceVersionDate "2018.10.10"]
[SourceQuality "1"]

1. d4 d5 2. c4 e6 3. Nc3 Nf6 4. Bg5 Be7 5. e3 b6 6. Bd3 Bb7 7. Nf3 Nbd7 8. Qe2 0-0 9. h4 c5 10. Ne5 dxc4 11. Nxc4 cxd4 12. exd4 Re8 13. 0-0-0 Nf8 14. Kb1 Nd5 15. Ne4 f6 16. Bc1 Nb4 17. a3 Nxd3 18. Rxd3 Ba6 19. Ned2 b5 20. Ne3 b4 21. Ndc4 Rc8 22. b3 bxa3 23. h5 Qc7 24. h6 g6 25. Qg4 f5 26. Qe2 Red8 27. d5 Bxc4 28. Nxc4 exd5 29. Nxa3 Bf6 30. Bd2 Qe5 31. Qxe5 Bxe5 32. Re1 Bf6 33. Nb5 a6 34. Nd4 Kf7 35. f3 Re8 36. Rxe8 Rxe8 37. g4 fxg4 38. fxg4 Re4 39. Nc6 Rxg4 40. Rxd5 Rg1+ 41. Kc2 g5 42. Ra5 g4 43. Rxa6 g3 44. Be3 Rf1 45. Ra7+ Ke6 46. Nd4+ Kd5 47. Rf7 Ke4 48. Rxf8 Kxe3 49. Ne6 g2 50. Rf7 g1Q 0-1

[Event "CRO-chT (Women)"]
[Site "Sibenik"]
[Date "2016.10.14"]
[Round "8.3"]
[White "Saric, Kristina"]
[Black "Raguz, Ivanka"]
[Result "1-0"]
[WhiteElo "2200"]
[BlackElo "1856"]
[PlyCount "105"]
[EventDate "2016.10.08"]
[EventType "team-tourn"]
[EventRounds "9"]
[EventCountry "CRO"]
[SourceTitle "EXT 2017"]
[Source "ChessBase"]
[SourceDate "2016.10.25"]
[SourceVersion "1"]
[SourceVersionDate "2016.10.25"]
[SourceQuality "1"]
[WhiteTeam "Split Mornar (W)"]
[BlackTeam "Djakovo Dama (W)"]
[WhiteTeamCountry "CRO"]
[BlackTeamCountry "CRO"]

1. e4 e5 2. Nf3 Nc6 3. Bb5 a6 4. Ba4 Nf6 5. 0-0 Be7 6. Re1 b5 7. Bb3 d6 8. c3 0-0 9. h3 Nb8 10. d4 Nbd7 11. Nbd2 c5 12. Bc2 Bb7 13. d5 Qc7 14. b3 Rfc8 15. c4 Rab8 16. Nf1 bxc4 17. bxc4 Ba8 18. Ne3 g6 19. Bd2 Rb7 20. Bc3 a5 21. Nd2 Bf8 22. a4 Rcb8 23. Qf3 Bg7 24. Nb1 Rf8 25. Na3 Ne8 26. Nb5 Qd8 27. Qe2 Bh6 28. Rab1 Bxe3 29. Qxe3 Nb6 30. Bxa5 Qh4 31. Bxb6 Rxb6 32. Rf1 f5 33. f4 fxe4 34. fxe5 Rxf1+ 35. Rxf1 dxe5 36. Qxc5 Rf6 37. Rxf6 Nxf6 38. Qe3 g5 39. Nd6 g4 40. Nxe4 gxh3 41. Nxf6+ Qxf6 42. Qxh3 h6 43. Qc8+ Kg7 44. Qxa8 Qb6+ 45. Kh2 Qd4 46. Qb7+ Kf8 47. Qc8+ Kg7 48. Qd7+ Kf8 49. Qd6+ Kg7 50. Qg6+ Kf8 51. Qxh6+ Ke8 52. Bf5 Qxc4 53. d6 1-0

[Event "CRO-chT (Women)"]
[Site "Sibenik"]
[Date "2016.10.12"]
[Round "6.2"]
[White "Repkova, Eva"]
[Black "Raguz, Ivanka"]
[Result "1-0"]
[WhiteElo "2329"]
[BlackElo "1856"]
[PlyCount "83"]
[EventDate "2016.10.08"]
[EventType "team-tourn"]
[EventRounds "9"]
[EventCountry "CRO"]
[SourceTitle "EXT 2017"]
[Source "ChessBase"]
[SourceDate "2016.10.25"]
[SourceVersion "1"]
[SourceVersionDate "2016.10.25"]
[SourceQuality "1"]
[WhiteTeam "Busevec Polet (W)"]
[BlackTeam "Djakovo Dama (W)"]
[WhiteTeamCountry "CRO"]
[BlackTeamCountry "CRO"]

1. e4 e5 2. Nf3 Nc6 3. Bc4 Nf6 4. d3 Bc5 5. 0-0 a6 6. c3 Ba7 7. Bb3 d6 8. Bg5 h6 9. Bh4 Qe7 10. Nbd2 Be6 11. Nc4 0-0-0 12. Ne3 Bxe3 13. fxe3 Rdg8 14. Bxf6 gxf6 15. Nh4 Qd8 16. Qf3 f5 17. Nxf5 h5 18. d4 Na5 19. Bd5 h4 20. a4 Bxd5 21. exd5 Nb3 22. Rad1 h3 23. g3 Qe8 24. dxe5 Qxe5 25. Nd4 Nc5 26. Qf5+ Kb8 27. Qxe5 dxe5 28. Nf3 e4 29. Nd2 Rh5 30. b4 Nxa4 31. Nxe4 Rd8 32. d6 cxd6 33. Rxf7 d5 34. Nf6 Nxc3 35. Rd3 Ne2+ 36. Kf2 Nc1 37. Rd1 Rf5+ 38. Ke1 Ka8 39. Rxc1 Rd6 40. Ne8 Rxf7 41. Nxd6 Rf6 42. Ne8 1-0

[Event "CRO-chT (Women)"]
[Site "Sibenik"]
[Date "2016.10.08"]
[Round "1.4"]
[White "Unuk, Laura"]
[Black "Raguz, Ivanka"]
[Result "1-0"]
[WhiteElo "2339"]
[BlackElo "1856"]
[PlyCount "65"]
[EventDate "2016.10.08"]
[EventType "team-tourn"]
[EventRounds "9"]
[EventCountry "CRO"]
[SourceTitle "EXT 2017"]
[Source "ChessBase"]
[SourceDate "2016.10.25"]
[SourceVersion "1"]
[SourceVersionDate "2016.10.25"]
[SourceQuality "1"]
[WhiteTeam "Rijeka Draga (W)"]
[BlackTeam "Djakovo Dama (W)"]
[WhiteTeamCountry "CRO"]
[BlackTeamCountry "CRO"]

1. d4 Nf6 2. c4 e6 3. Nf3 Bb4+ 4. Bd2 Bxd2+ 5. Qxd2 Ne4 6. Qc2 f5 7. e3 b6 8. Nc3 Bb7 9. d5 Qf6 10. Nxe4 fxe4 11. Nd2 exd5 12. cxd5 Na6 13. Qxe4+ Kd8 14. Bc4 Qxb2 15. Rb1 Qf6 16. 0-0 Nc5 17. Qc2 h5 18. Rfc1 Rf8 19. Nf3 h4 20. h3 Qe7 21. Rd1 d6 22. Rd4 Bc8 23. Nxh4 Qg5 24. Kh1 Rh8 25. Qg6 Qe5 26. Bb5 Rh6 27. Qf7 Nd7 28. Qg8+ Ke7 29. Nf3 Qf5 30. Qxg7+ Kd8 31. Rc1 Rg6 32. Qh7 Nf8 33. Qxc7# 1-0